00571nam a2200121Ia 4500008004100000082001900041100002000060245010400080260005100184365000600235630010400241730010400345100415s9999 xx 000 0 und d b21671a599(54) aCHAKRABORTY, S. aResearch on Mammals of the Indian subcontinent by the Scientists of the Zoological Survey of India. aCALCUTTAc1984bZOOLOGICAL SURVEY OF INDIA, CA b1 aResearch on Mammals of the Indian subcontinent by the Scientists of the Zoological Survey of India. aResearch on Mammals of the Indian subcontinent by the Scientists of the Zoological Survey of India.